Statistics for Self-Proclaimed Countries Quiz

Click here to take the quiz!

General Stats

  • This quiz has been taken 17 times
  • The average score is 6 of 15

Answer Stats

Answer% Correct
Somaliland
82%
Abkhazia
76%
Transnistria
76%
Nagorno-Karabakh
71%
Northern Cyprus
71%
South Ossetia
71%
Western Sahara
47%
Donetsk Republic
18%
Luhansk Republic
18%
Sealand
18%
Liberland
12%
EnenKio
6%
Freedomland
6%
Gay and Lesbian Kingdom of the Coral Sea Islands
6%
Molossia
6%

Score Distribution

Percentile by Number Answered

Percent of People with Each Score

Your Score History

You have not taken this quiz